| 000 | | | 04001nmc2a22002771x 450 |
| 001 | | | 0d7d1ab5-9bd7-4b19-8267-e5050e2cf344 |
| 005 | | | 20131118184955.0 |
| 100 | ## | $a | 20130717l18961913k y0rusy50 ca |
| 101 | 0# | $a | rus |
| 102 | ## | $a | RU |
| 105 | ## | $a | b z ||||| |
| 200 | 1# | $a | Кусков П. |
| | $j | 1896-1913 |
| 215 | ## | $a | 41 лист |
| | $c | марки, визит. карт. |
| 251 | ## | $c | Дело |
| 300 | ## | $a | Заголовок дела на папке: Письма Кускова Платона Александровича Никольскому Б. Вл. |
| 300 | ## | $a | Листы: 37-41 - визитные карточки; 15, 22, 27 -конверты; 15, 27 - марки почтовые; 27 - марки гербовые; 13 - загрязнен |
| 300 | ## | $a | Рукописный текст |
| 330 | ## | $a | А. Переписка; 1. Письма к Б. В. Никольскому; (Геерлингер И., Мичерлинг А. А.) см. № 495 |
| 461 | #0 | $1 | 0011c5950b4-9b17-43ad-92f1-e565a07ae223 |
| | $1 | 2001 |
| | $a | Никольский Борис Владимирович, историк права, профессор Юрьевского и Петербургского университетов, один из руководителей главного совета "Русского собрания", поэт, критик |
| | $1 | 251 |
| | $c | Фонд |
| | $1 | 852 |
| | $j | 588 |
| 462 | #0 | $1 | 001855f2cb0-80f8-42f6-88fa-41bf4837b2b7 |
| | $1 | 2001 |
| | $a | Никольский Борис Владимирович. 1837-1919 гг. |
| | $1 | 251 |
| | $c | Опись |
| | $1 | 852 |
| | $j | 1 |
| 517 | ## | $a | Письма Кускова Платона Александровича Никольскому Б. Вл. |
| 600 | #1 | $a | Никольский |
| | $b | Б. В. |
| | $g | Борис Владимирович |
| 600 | #1 | $a | Кусков |
| | $b | П. А. |
| | $g | Платон Александрович |
| 801 | #0 | $a | RU |
| | $b | GA_RF |
| 801 | #1 | $a | RU |
| | $b | НПО Опыт |
| | $c | 20130717 |
| | $2 | rusmarc |
| 801 | #2 | $a | RU |
| | $b | ПБ им. Б.Н. Ельцина |
| | $c | 20131118 |
| | $g | RCR |
| | $2 | rusmarc |
| 852 | ## | $a | ГА РФ |
| | $j | 405 |
| 937 | ## | $d | 41760202 |
| | $h | ПБ |
| 035 | ## | $a | RuPRLIB51008683 |